APRENDE INGLES MI PRIMERA GRAMATICA VOL2 (Registro nro. 2050)

Detalles MARC
000 -LEADER
fixed length control field 02220nam a22001937a 4500
003 - CONTROL NUMBER IDENTIFIER
control field OSt
005 - DATE AND TIME OF LATEST TRANSACTION
control field 20260408090948.0
008 - FIXED-LENGTH DATA ELEMENTS--GENERAL INFORMATION
fixed length control field 260408b |||||||| |||| 00| 0 esp d
082 ## - DEWEY DECIMAL CLASSIFICATION NUMBER
Edition number 958-32-0060-3
100 ## - MAIN ENTRY--PERSONAL NAME
Personal name JUAN ANTONIO OLLERO
245 ## - TITLE STATEMENT
Title APRENDE INGLES MI PRIMERA GRAMATICA VOL2
260 ## - PUBLICATION, DISTRIBUTION, ETC.
Place of publication, distribution, etc. 1RA EDICION
Name of publisher, distributor, etc. GRUPO EDITORIAL OCEANO
Date of publication, distribution, etc. 2001
300 ## - PHYSICAL DESCRIPTION
Extent 256 PAG
Dimensions 18 x 25 cm
490 ## - SERIES STATEMENT
Materials specified tapa dura (cartoné).
520 ## - SUMMARY, ETC.
Summary, etc. Organización Alfabética: Términos de la A a la Z con su traducción y, a menudo, una oración de ejemplo para ver el uso de la palabra. Léxico por Centros de Interés: Vocabulario agrupado por temas cercanos al estudiante como: La Familia y la Gente: Miembros del hogar y descripciones físicas. La Naturaleza y Animales: Nombres de mascotas, animales salvajes y el entorno natural. Alimentación y Salud: Vocabulario de comidas, frutas, verduras y partes del cuerpo .Entorno Diario: La casa (habitaciones, muebles), la escuela y la ciudad.2. Continuación de Estructuras Gramaticales algunas versiones de este catálogo, el Tomo 2 profundiza en reglas que permiten dar movimiento a las palabras del diccionario: Adjetivos y Adverbios: Cómo describir objetos (colores, tamaños) y acciones (aquí, allá, rápido).Sustantivos y Plurales: Reglas básicas para transformar palabras de singular a plural. Preposiciones de Lugar: Palabras clave para indicar posición como in, on, Ander, behind.3. Secciones de Práctica Ejercicios de Aplicación: Actividades para relacionar las palabras aprendidas con imágenes o completar frases sencillas. Curiosidades Lingüísticas: Pequeñas notas sobre el uso de ciertas expresiones o diferencias entre el inglés británico y americano
650 ## - SUBJECT ADDED ENTRY--TOPICAL TERM
General subdivision Presente (Present): Se consolida el Present Simple (rutinas) y el Present Continuous (acciones actuales).Pasado (Past): Introducción al Past Simple para narrar eventos terminados, diferenciando entre verbos regulares e irregulares.Futuro (Future): Uso de estructuras básicas como will y going to para expresar planes o intenciones.
Chronological subdivision Ampliación léxica y estructuras de tiempo básicas.
Geographic subdivision arcelona (España) o Bogotá (Colombia)
700 ## - ADDED ENTRY--PERSONAL NAME
Personal name JUAN ANTONIO OLLERO
942 ## - ADDED ENTRY ELEMENTS (KOHA)
Source of classification or shelving scheme Dewey Decimal Classification
Koha item type Acceso Libre
Suppress in OPAC No
Existencias
Withdrawn status Lost status Source of classification or shelving scheme Damaged status Not for loan Collection Home library Current library Shelving location Date acquired Source of acquisition Coded location qualifier Inventory number Total checkouts Full call number Barcode Date last seen Copy number Price effective from Koha item type
    Dewey Decimal Classification     Estantería E Fila 3 Biblioteca Stanford Biblioteca Stanford Biblioteca Abierta 08.04.2026 IDIOMAS 0474 0474   INGLES IDIOMA0474 08.04.2026 1 08.04.2026 Acceso Libre
Bienvenido a nuestra Biblioteca